数学用語(英→日) - Statistics

General Stats
  • This quiz has been taken 24 times
  • The average score is 10 of 26
Answer Stats
Hint Answer % Correct
angle
82%
sine 正弦
68%
sum
64%
speed 速さ
64%
imaginary number 虚数
64%
limit value 極限値
55%
cube root 三乗根
55%
independent 独立
55%
parabola 放物線
50%
table of random numbers 乱数表
50%
ellipse 楕円
45%
continuos 連続
41%
slope 傾き
36%
definite integral 定積分
32%
circle of Apollonius アポロニウスの円
32%
sample 標本
32%
first term 初項
27%
parameter パラメータ
27%
power 累乗
27%
concave up 下に凸
14%
fractional function 分数関数
14%
factor theorem 因数定理
14%
sequence 数列
14%
normal line 法線
9%
discriminant 判別式
5%
regression line 回帰直線
5%
No matching quizzes found
Score Distribution
Percent of People with Each Score
Percentile by Number Answered
Your Score History
You have not taken this quiz